BURKETS ORAL MEDICINE (Record no. 4536)

MARC details
000 -LEADER
fixed length control field 00343nam a2200145Ia 4500
008 - FIXED-LENGTH DATA ELEMENTS--GENERAL INFORMATION
fixed length control field 150201s2008 xx 000 0 und d
082 ## - DEWEY DECIMAL CLASSIFICATION NUMBER
Classification number 617.6
Item number B2008G
100 ## - MAIN ENTRY--PERSONAL NAME
Personal name GREENBURG
245 ## - TITLE STATEMENT
Title BURKETS ORAL MEDICINE
250 ## - EDITION STATEMENT
Edition statement 11TH
260 ## - PUBLICATION, DISTRIBUTION, ETC. (IMPRINT)
Name of publisher, distributor, etc. B.C.DECKER
Place of publication, distribution, etc. TORONTO
Date of publication, distribution, etc. 2008
300 ## - PHYSICAL DESCRIPTION
Extent 1-586
650 ## - SUBJECT ADDED ENTRY--TOPICAL TERM
Topical term or geographic name as entry element ORAL MEDICINE
942 ## - ADDED ENTRY ELEMENTS (KOHA)
Source of classification or shelving scheme Dewey Decimal Classification
Koha item type Books
Koha issues (borrowed), all copies 24
Holdings
Withdrawn status Lost status Source of classification or shelving scheme Damaged status Not for loan Home library Current library Date acquired Source of acquisition Cost, normal purchase price Serial Enumeration / chronology SGTU Bill Number Total Checkouts Full call number Barcode Date last seen Date last checked out Bill Date Koha item type
    Dewey Decimal Classification     SGT Dental Library SGT Dental Library 29/10/2010 U.B.S.DELHI 1595.00 1 SGTU 620 16 617.6 B2008G FD6253 28/10/2024 09/02/2024 02/04/2013 Books
    Dewey Decimal Classification     SGT Dental Library SGT Dental Library 29/10/2010 U.B.S.DELHI 1595.00 1 SGTU 620 41 617.6 B2008G FD6254 28/07/2025 28/07/2025 02/04/2013 Books